|
|
|
|
| LEADER |
01163nam a2200277 a 4500 |
| 001 |
11805491 |
| 008 |
120801r20042000enk b 001 0 eng d |
| 010 |
|
|
|a 99052392
|
| 020 |
|
|
|a 9789840515059
|
| 020 |
|
|
|a 1856497879 (cased)
|
| 020 |
|
|
|a 1856497887 (limp)
|
| 040 |
|
|
|a DLC
|c DLC
|d DLC
|d BD-DhAAL
|
| 042 |
|
|
|a pcc
|
| 082 |
0 |
4 |
|a 332.2
|2 21
|
| 100 |
1 |
|
|a Wright, Graham A. N.,
|d 1960-
|
| 245 |
1 |
0 |
|a Microfinance systems :
|b designing quality financial services for the poor /
|c Graham A.N. Wright.
|
| 260 |
|
|
|a London ;
|a New York :
|b Zed Books
|a Dhaka :
|b University Press, a
|a New York :
|b Distributed in the USA exclusively by St Martin's Press,
|c c2000.[reprinted 2004]
|
| 300 |
|
|
|a xix, 283 p. ;
|c 22 cm.
|
| 504 |
|
|
|a Includes bibliographical references (p. [267]-276) and index.
|
| 541 |
1 |
|
|e 00025771
|
| 650 |
|
0 |
|a Microfinance.
|
| 650 |
|
0 |
|a Financial services industry.
|
| 650 |
|
0 |
|a Poor.
|
| 852 |
1 |
|
|a Ayesha Abed library
|c General Shelf
|
| 999 |
|
|
|c 12650
|d 12650
|
| 952 |
|
|
|0 0
|1 0
|2 ddc
|4 0
|6 332_200000000000000_WRI
|7 0
|9 20878
|a IGS
|b IGS
|c GEN
|d 2012-08-01
|e The University Press Limited
|g 450.00
|l 1
|m 2
|o 332.2 WRI
|p 3010025771
|r 2014-06-09
|s 2013-02-14
|t 1
|w 2012-08-01
|y BK
|